LDR 00985naa#a2200181#i#450# 001 RU\\bibl\116848 005 20260430113543.4 011 ## _a1994-4683 100 ## _a20260429b2026####ek#y0rusy0150####ca 102 ## _aRU 200 1# _aУчет гендерных и возрастных факторов при разработке модели формирования здоровьесберегающих практик у студентов _eЖурнальная статья 210 1# _aМосква _cНациональный государственный Университет физической культуры, спорта и здоровья им. П.Ф. Лесгафта _d2026 215 ## _a9 с. 608 ## _aЖурнальная статья _2local 675 ## _aПедагогическая психология. 37.015.3 _z 700 #1 _aШамкова _gНаталья Тимофеевна 700 #1 _aКечин _gКирилл Яковлевич 856 4# _auchzapiski.lesgaft.spb.ru _u